محاضرات في القانون الدولي العام / (Record no. 23335)

MARC details
000 -الفاتح
حقل البيانات ثابتة الطول 01046nam a22002775a 4500
003 - محدد رقم الضبط
رقم الضبط OSt
005 - وقت وتاريخ اخر تعامل مع التسجيلة
رقم الضبط 20161126141157.0
008 - عناصر البيانات ثابتة الطول - معلومات عامة
حقل البيانات ثابتة الطول 161126s2011 ua frb 000 0 ara d
015 ## -
-- 2011/17413
-- 2011/17414
020 ## - الرقم الدولى المعيارى للكتب
الرقم الدولى المعيارى للكتاب 9789770468536 (مج. 1)
020 ## - الرقم الدولى المعيارى للكتب
الرقم الدولى المعيارى للكتاب 9789770468543 (مج. 2)
040 ## - مصدر الفهرسة
وكالة الفهرسة الأصلية EG-ScBUE
لغة الفهرسة ara
وكالة النسخ EG-ScBUE
082 04 - رقم تصنيف ديوى العشرى
رقم التصنيف 341
رقم المادة س ر ي
رقم الطبعة 22
100 1# - المدخل الرئيسى - إسم شخصى
الإسم الشخصى سرير، جمعة سعيد.
245 12 - بيان العنوان
العنوان محاضرات في القانون الدولي العام /
بيان المسئوليه,etc جمعة سعيد سرير، محمد حمد العسبلي.
250 ## - بيان الطبعة
بيان الطبعة ط. 1.
260 ## - PUBLICATION, DISTRIBUTION, ETC. (IMPRINT)
مكان الناشر او الموزع القاهرة :
اسم الناشر او الموزع دار النهضة العربية،
تاريخ النشر أو التوزيع 2011.
300 ## - الوصف المادى
التعداد 2 مج. ؛
أبعاد الوعاء 24 سم.
504 ## - تبصرة ببليوجرافية
تبصرة ببليوجرافية,الخ يشتمل على إرجاعات ببليوجرافية.
505 0# - تبصرة محتويات-الفهرس
تبصرة المحتويات المصاغة مج. 1. الأسس والمبادئ -- مج. 2. أشخاص القانون الدولي العام.
650 #7 - المدخل الاضافى بالموضوع-مصطلح موضوعى
مصطلح موضوعي أو اسم جغرافي كعنصر مدخل القانون الدولي العام.
مصدر الرأس أو المصطلح BUEsh
651 ## - المدخل الاضافى بالموضوع - اسم جغرافى
مصدر الرأس أو المصطلح BUEsh
653 ## - مصطلح تكشيفى غير مقيد
Resource For college Law
Arrived date list November2016
700 1# - المدخل الاضافى - اسم شخصى
الإسم الشخصى عسبلي، محمد حمد.
942 ## - عناصر المدخل الإضافي( كوها)
مصدر التصنيف او مخطط الترفيف Dewey Decimal Classification
Holdings
حالة التراجع حالة الفقد مصدر التصنيف او خطة الترفيف تحديد مواد ( مجلدات مجمعه أو جزء أخر) حالة تلف ليس للاعارة مجموعات كوها المكان الدائم المكان الحالي موقع الترفيف تاريخ الاكتساب Source of acquisition سعر الشراء الطبيعي تعداد مسلسل / التسلسل الزمني رقم الاستدعاء الباركود Date last seen التكلفة تبصرة غير عامة( المفوع للعناصر المفقوده) نوع الوعاء تبصرة عامة
    Dewey Decimal Classification Lost_In_Inventory_11-6-2024     دار النهضة العربية Central Library Central Library First floor 26/11/2016 Purchase 40.00 2815 341 س ر ي 000040052 15/07/2025 50.00 السعر شامل المجلدين Book - Borrowing مج. 1.
    Dewey Decimal Classification       دار النهضة العربية Central Library Central Library First floor 26/11/2016 Purchase 40.00 2815 341 س ر ي 000040053 15/07/2025 50.00 السعر شامل المجلدين Book - Borrowing مج. 1
    Dewey Decimal Classification       دار النهضة العربية Central Library Central Library First floor 26/11/2016 Purchase 40.00 2815 341 س ر ي 000040054 15/07/2025 50.00 السعر شامل المجلدين Book - Borrowing مج. 2
    Dewey Decimal Classification       دار النهضة العربية Central Library Central Library First floor 26/11/2016 Purchase 40.00 2815 341 س ر ي 000040055 15/07/2025 50.00 السعر شامل المجلدين Book - Borrowing مج. 2